00532 2200205 4500001002100000005001500021035002000036007000300056008004100059020001800100082001200118084001800130100002700148245004300175250001000218260003800228300002700266650002000293990001300313INLIS00000000000081620171025114940 a0010-1017000370ta171025 f 0 ind  a979-96059-7-0 a297.633 a297.633 HAR m0 aHarahab, Sofyan Syafri1 aMenuju Perumusan Teori Akuntansi Islam aCet.3 aJakarta :bPustaka Quantum,c2001 a396hlm ;c15 x 23,5 cm aKeuangan, Islam a1072 078